Ulises / (Registro nro. 12584)

Detalles MARC
000 -LEADER
campo de control de longitud fija 00879nam a2200265 i 4500
001 - NÚMERO DE CONTROL
campo de control 12584
003 - IDENTIFICADOR DE NÚMERO DE CONTROL
campo de control ES-MaACL
005 - FECHA Y HORA DE LA ÚLTIMA TRANSACCIÓN
campo de control 20240125063126.0
007 - CAMPO FIJO DE DESCRIPCIÓN FÍSICA--INFORMACIÓN GENERAL
campo de control de longitud fija t|
008 - DATOS DE LONGITUD FIJA--INFORMACIÓN GENERAL
campo de control de longitud fija 960730s1996 sp ||||0| spa
020 ## - NÚMERO INTERNACIONAL ESTÁNDAR DEL LIBRO
Número Internacional Estándar del Libro 84-08-01672-5
080 ## - NÚMERO DE LA CLASIFICACIÓN DECIMAL UNIVERSAL
Número de la Clasificación Decimal Universal 821.111(415)-31"19"
100 1# - ENTRADA PRINCIPAL--NOMBRE DE PERSONA
Nombre de persona Joyce, James,
Fechas asociadas al nombre 1882-1941
9 (RLIN) 67077
245 10 - MENCIÓN DEL TÍTULO
Título Ulises /
Mención de responsabilidad, etc. James Joyce ; traducción de J. Salas Subirat ; revisión y notas de Eduardo Chamorro ; cronología y bibliografía de Carlos Lagarriga.
250 ## - MENCION DE EDICION
Mención de edición 1ª ed.
260 ## - PUBLICACIÓN, DISTRIBUCIÓN, ETC.
Lugar de publicación, distribución, etc. Barcelona :
Nombre del editor, distribuidor, etc. Planeta,
Fecha de publicación, distribución, etc. 1996.
300 ## - DESCRIPCIÓN FÍSICA
Extensión XX, 934 p ;
Dimensiones 24 cm.
490 1# - MENCIÓN DE SERIE
Mención de serie Clásicos universales Planeta
700 1# - ENTRADA AGREGADA--NOMBRE PERSONAL
Nombre de persona Salas Subirat, J.
9 (RLIN) 101776
700 1# - ENTRADA AGREGADA--NOMBRE PERSONAL
Nombre de persona Chamorro, Eduardo.
9 (RLIN) 37886
700 1# - ENTRADA AGREGADA--NOMBRE PERSONAL
Nombre de persona Lagarriga, Carlos.
9 (RLIN) 69560
830 1# - PUNTO DE ACCESO ADICIONAL DE SERIE-TÍTULO UNIFORME
Título uniforme Clásicos universales Planeta
9 (RLIN) 178015
852 4# - LOCALIZACIÓN
Ubicación ES-MaACL
Número de control de estantería L-19846
Existencias
Estatus retirado Estado de pérdida Estado de daño No para préstamo Biblioteca de origen Biblioteca actual Ubicación en estantería Fecha de adquisición Fuente de adquisición Total de préstamos Signatura topográfica completa Código de barras Fecha de vencimiento Visto por última vez Fecha del último préstamo Precio de reemplazo Tipo de ítem Koha
        Biblioteca del Ateneo de Madrid Biblioteca del Ateneo de Madrid Depósito 2 17/01/2008   1 L-19846 1012820 14/12/2026 16/06/2026 16/06/2026 23/02/2023 Libro impreso